000 00747nam a22002657a 4500
001 BR9903727
003 BR-BrBNA
005 20230928100416.0
007 ta
008 230509b bl.||||| |||| 00| 0 por d
040 _aBR-BrBNA
_bpor
_cBiblioteca Nacional de Agricultura
041 _a(Por)
072 _aL01; E14
_b7100
090 _ 7100 BR9903727
110 1 _aSecretaria da Agricultura, do Abastecimento e Irrigacao, Florianopolis, SC (Brasil)
_98379
245 1 _aProjeto de apicultura familiar
260 3 _aFlorianopolis, SC (Brasil):
_c[nd].
300 _a20 p.
650 _aAbelha
650 _aApicultura
650 _aProjeto Agricola
650 _aSanta Catarina
909 _a202309
_bLucia
_c55
_dLucia Elande
942 _cBK
999 _c61217
_d61217